Quid Horatius de rebus divinis atque humanis senserit
Elmentve itt :
| Szerző: | |
|---|---|
| További közreműködők: | |
| Dokumentumtípus: | Szakdolgozat |
| Megjelent: |
1924
|
| Kulcsszavak: | Horatius Flaccus Quintus Klasszika-filológia |
| Tárgyszavak: | |
| Online Access: | http://diploma.bibl.u-szeged.hu/85532 |
| LEADER | 00652nta a2200193 i 4500 | ||
|---|---|---|---|
| 001 | dipl85532 | ||
| 005 | 20211214082248.0 | ||
| 008 | 200423s1924 hu om 0|| lat d | ||
| 040 | |a SZTE Diploma Repozitórium |b hun | ||
| 041 | |a lat | ||
| 100 | 1 | |a Devich Mária | |
| 245 | 1 | 0 | |a Quid Horatius de rebus divinis atque humanis senserit |h [elektronikus dokumentum] / |c Mária Devich |
| 260 | |c 1924 | ||
| 650 | 4 | |a Bölcsészettudományok | |
| 695 | |a Horatius Flaccus | ||
| 695 | |a Quintus | ||
| 695 | |a Klasszika-filológia | ||
| 700 | 1 | |a Csengery János |e ths | |
| 856 | 4 | 0 | |u http://diploma.bibl.u-szeged.hu/id/eprint/85532/1/diploma_1924_devich_maria.pdf |z Dokumentum-elérés |